[Event "Fast and Furious iv"]
[Site "SchemingMind.com"]
[Date "2015.04.29"]
[Round "-"]
[White "Scooter"]
[Black "Clive Everill"]
[Result "1-0"]
[WhiteCountry "USA"]
[BlackCountry "CZE"]
[WhiteElo "1716"]
[WhiteRD "45"]
[BlackElo "1665"]
[BlackRD "55"]
[GameID "379178"]

1. e4 e5 2. f4 d5 3. exd5 exf4 4. Nf3 Nf6 5. Bc4 Nxd5 6. Bxd5 Qxd5 7. Nc3 Qf5 8. d3 Bc5 9. Qe2+ Be6 10. Bd2 Nc6
11. a3 a6 12. Ne4 Bb6 13. O-O-O O-O-O 14. Rhf1 Qd5 15. Nc3 Qd6 16. Ng5 h6 17. Bxf4 Qd7 18. Nxe6 fxe6 19. Rde1 Rde8 20. Be3 Nd4
21. Bxd4 Bxd4 22. Qd2 g5 23. Ne2 Be5 24. g3 Qb5 25. Nc3 Bxc3 26. Qxc3 Rh7 27. Rf6 e5 28. Qb4 Qd5 29. Rf8 Re7 30. Qxe7
1-0

[Event "Fast and Furious iv"]
[Site "SchemingMind.com"]
[Date "2015.04.30"]
[Round "-"]
[White "Clive Everill"]
[Black "kenneth m day"]
[Result "0-1"]
[WhiteCountry "CZE"]
[BlackCountry "USA"]
[WhiteElo "1700"]
[WhiteRD "56"]
[BlackElo "1692"]
[BlackRD "52"]
[GameID "379179"]

1. e4 e5 2. f4 exf4 3. Nf3 d5 4. exd5 Bd6 5. d4 Ne7 6. c4 c5 7. dxc5 Qa5+ 8. Nc3 Qxc5 9. Ne4 Qa5+ 10. Bd2 Bb4
11. Be2 O-O 12. O-O Bf5 13. Nc3 Nd7 14. a3 Qb6+ 15. Kh1 Bd6 16. Na4 Qc7 17. Nh4 Be4 18. Bf3 Bxf3 19. Rxf3 Qxc4 20. Nc3 Nxd5
21. Bxf4 Bxf4 22. Nxd5 Bg5 23. Nf5 Ne5 24. Rc3 Qe4 25. Nd6 Qg4 26. Qb3 b6 27. Rf1 Rad8 28. Nb7 Rd7 29. Rc7 Rxc7 30. Nxc7 Qd7
31. Qg3 Qe7 32. Nd5 Qxb7 33. Qxe5 h6 34. Rf5 Rd8 35. Qe4 Qd7 36. Ne3 Bxe3 37. Qxe3 Qxf5 38. h3 Qe6 39. Qg3 Rd1+ 40. Kh2 Qd6
0-1

[Event "Fast and Furious iv"]
[Site "SchemingMind.com"]
[Date "2015.04.29"]
[Round "-"]
[White "kenneth m day"]
[Black "Clive Everill"]
[Result "0-1"]
[WhiteCountry "USA"]
[BlackCountry "CZE"]
[WhiteElo "1733"]
[WhiteRD "54"]
[BlackElo "1674"]
[BlackRD "56"]
[GameID "379180"]

1. e4 e5 2. f4 exf4 3. Nf3 g5 4. Nc3 Bg7 5. d4 d6 6. g3 Nc6 7. Bb5 g4 8. Nh4 f3 9. Be3 Ne7 10. Qd2 Bd7
11. O-O-O a6 12. Bc4 b5 13. Bf1 Ng6 14. Nxg6 hxg6 15. Nd5 Be6 16. Nc3 d5 17. exd5 Bxd5 18. Nxd5 Qxd5 19. Kb1 O-O-O 20. c3 f5
21. Bf2 Na5 22. Qg5 Rd6 23. Be3 f2 24. Qe7 Bf6
0-1

[Event "Fast and Furious iv"]
[Site "SchemingMind.com"]
[Date "2015.04.29"]
[Round "-"]
[White "ray winteringham"]
[Black "Clive Everill"]
[Result "0-1"]
[WhiteCountry "ENG"]
[BlackCountry "CZE"]
[WhiteElo "1527"]
[WhiteRD "51"]
[BlackElo "1665"]
[BlackRD "55"]
[GameID "379182"]

1. e4 e5 2. f4 exf4 3. Nf3 g5 4. h4 g4 5. Ne5 d6 6. Nd3 Bh6 7. Nf2 g3 8. Nd3 Qe7 9. Qf3 Nf6 10. Nxf4 Qxe4+
11. Qxe4+ Nxe4 12. d3 Nf2 13. Rg1 Bg4 14. Nd5 Bxc1 15. Nxc7+ Kd7 16. Be2 Bxe2 17. Kxe2 Bxb2 18. Nxa8 Bxa1 19. Nd2 Bd4 20. Kf3 Be5
21. Nc4 Rg8 22. Ne3 Nc6 23. Nc4 Nd4+ 24. Ke3 Rxa8 25. Nxe5+ dxe5
0-1

[Event "Fast and Furious iv"]
[Site "SchemingMind.com"]
[Date "2015.04.30"]
[Round "-"]
[White "Clive Everill"]
[Black "AlwaysInTears"]
[Result "1-0"]
[WhiteCountry "CZE"]
[BlackCountry "RSA"]
[WhiteElo "1674"]
[WhiteRD "56"]
[BlackElo "1839"]
[BlackRD "85"]
[GameID "379185"]

1. e4 e5 2. f4 exf4 3. Nf3 Nf6 4. e5 Nh5 5. Be2 g5 6. O-O Nc6 7. Nxg5 Bc5+ 8. Kh1 Ng3+ 9. hxg3 Qxg5 10. Rxf4 Qxg3
11. Rg4 Qxe5 12. Rh4 d5 13. Nc3 Bf5 14. d3 O-O-O 15. Bf4 Qf6 16. Rh6 Qg7 17. Nb5 Rhg8 18. Bf3 Bb6 19. Qd2 a6 20. Nc3 Ne7
21. Rh5 Qd4 22. Re1 Be6 23. Be3 Qg7 24. Bxb6 cxb6 25. Na4 b5 26. Qc3+ Kb8 27. Qxg7 Rxg7 28. Nc5 Nf5 29. Nxe6
1-0

[Event "Fast and Furious iv"]
[Site "SchemingMind.com"]
[Date "2015.04.29"]
[Round "-"]
[White "AlwaysInTears"]
[Black "Clive Everill"]
[Result "0-1"]
[WhiteCountry "RSA"]
[BlackCountry "CZE"]
[WhiteElo "1839"]
[WhiteRD "85"]
[BlackElo "1674"]
[BlackRD "56"]
[GameID "379186"]

1. e4 e5 2. f4 exf4 3. Nf3 g5 4. h4 g4 5. Ng5 h6 6. Nxf7 Kxf7 7. Qxg4 Nf6 8. Qxf4 d6 9. Bc4+ Be6 10. Bxe6+ Kxe6
11. d4 Nbd7 12. Qf5+ Ke7 13. d5 Kf7 14. h5 Ne5 15. Qe6+ Kg7 16. Rh3 Qe8 17. Rg3+ Neg4 18. Qf5 Qxh5 19. Nc3 Qxf5 20. exf5 Kf7
21. Bd2 a6 22. O-O-O Bg7 23. Ne4 Nxe4 24. Rxg4 Nf2 25. Rxg7+ Kxg7 26. Bc3+ Kh7
0-1